000 00375nam a2200133Ia 4500
003 GCL
008 140319s9999 xx 000 0 eng d
040 _aGCL /
_cGCL
082 0 4 _a686.22544
_bG V
100 1 _aGOSSNEY, MICHAEL
245 1 0 _aTHE VERBUM BOOK OF ELECTRONIC PAFE DESIGN /
_cGOSSNEY, MICHAEL
260 _a[S.N] :
_bA AND C BLACK LIMITED ،
_c1990
300 _a211 P
999 _c17039
_d17039